| 000 | 00661nam a22001337a 4500 | ||
|---|---|---|---|
| 040 | _cRUA | ||
| 082 | _aAVM SEA 2013 B108 Or.1 | ||
| 100 | _aSEAN, SREANG. | ||
| 245 | _aSurvey on infections diseases of cattle in prosat sombo district kompong thom province, ការសិក្សាពីជំងឺឆ្លងដែលជួនប្រទះលើសត្វគោនៅក្នុងស្រុកប្រាសទសំបូរ ខេត្តកំពង់ធំ | ||
| 260 |
_aPhnom Penh _bRUA _c2013 |
||
| 300 |
_aix; 53p _bill. _c29cm. |
||
| 856 | _uhttps://drive.google.com/file/d/1h627Nh1yvCni9vigENyZgoi2tAhu4IYw/view?usp=sharing | ||
| 942 | _cAVM | ||
| 999 |
_c2653 _d2653 |
||